Music Quiz

Random Music or Song Quiz

Rolling Stone's Greatest Songs Quiz Stats

 Plays Quiz Updated Sep 22, 2021

Support Sporcle.
Go Orange.
Score 0/100 Timer 15:00
8 Plays Today
# Song % Correct
100Crazy
77.8%
3Imagine
75.3%
9Smells Like Teen Spirit
70.7%
31Stairway To Heaven
69%
2(I Can't Get No) Satisfaction
68.2%
5Respect
66.7%
49Hotel California
63.1%
1Like a Rolling Stone
62.7%
8Hey Jude
62.5%
87Ring of Fire
54.6%
17Purple Haze
54.6%
21Born to Run
51.9%
58Billie Jean
50.5%
27Layla
49.9%
19Hound Dog
49.6%
47All Along the Watchtower
48.4%
20Let It Be
48.1%
6Good Vibrations
47.5%
36One
46.7%
26(Sittin on) the Dock of the Bay
46.5%
96Great Balls of Fire
46.3%
13Yesterday
45.5%
89California Dreamin'
44.9%
7Johnny B. Goode
44.4%
11My Generation
44.2%
15London Calling
43.4%
4What's Going On
41.9%
29Help!
41.6%
48Bridge Over Troubled Water
40%
85Crazy
39.5%
35Light My Fire
39.2%
30I Walk the Line
39%
84Every Breath You Take
38.8%
67Jailhouse Rock
38.2%
# Song % Correct
37No Woman, No Cry
37.2%
95Blue Suede Shoes
35.6%
56Anarchy in the U.K.
33.2%
32Sympathy for the Devil
32.6%
65Sunshine of Your Love
32.3%
99Fortunate Son
32.3%
14Blowin' in the Wind
32%
52When Doves Cry
31.2%
88My Girl
31%
78I Got You (I Feel Good)
30.5%
16I Want to Hold Your Hand
29.6%
57Whiter Shade of Pale
29.3%
45Heartbreak Hotel
29%
80You Really Got Me
28.2%
73Superstition
28.1%
60Let's Stay Together
27.5%
28A Day in the Life
27.1%
81I Heard It Through the Grapevine
26.8%
44Georgia on My Mind
26.6%
41The Weight
26%
72California Girls
25.8%
92Blitzkrieg Bop
25.8%
51The Message
25.3%
43Tutti-Frutti
25%
25God Only Knows
24.8%
53When a Man Loves a Woman
24.7%
75Whole Lotta Love
24.4%
63For What It's Worth
24.2%
54Louie Louie
24.2%
38Gimme Shelter
23.6%
64She Loves You
22.7%
79Mr. Tambourine Man
22.1%
76Strawberry Fields Forever
21.7%
82Blueberry Hill
21.4%
# Song % Correct
86Thunder Road
21.4%
66Redemption Song
19.7%
34You've Lost That Lovin' Feelin'
19.6%
59The Times They Are A-Changin'
19.2%
22Be My Baby
18.7%
91Suspicious Minds
18.5%
46Heroes
18.5%
94Good Golly, Miss Molly
18.4%
93I Still Haven't Found What I'm Looking For
18.1%
62Bo Diddley
17.7%
40Dancing in the Street
17%
10What'd I Say
16.4%
42Waterloo Sunset
16.1%
12A Change Is Gonna Come
16.1%
23In My Life
15.4%
50The Tracks of My Tears
15.3%
68Tangled Up in Blue
15.1%
97Roll Over Beethoven
14.7%
69Crying
14.6%
39That'll Be the Day
14.4%
74Summertime Blues
12.9%
83Norwegian Wood (This Bird Has Flown)
12.5%
71Papa's Got a Brand New Bag
12.4%
61Whole Lotta Shakin' Goin On
12%
33River Deep - Mountain High
11.7%
18Maybellene
10.5%
70Walk On By
10%
55Long Tall Sally
8.7%
24People Get Ready
7.1%
98Love and Happiness
7%
90In the Still of the Night
5.5%
77Mystery Train
4.8%

From the Vault

Movies: Stray Letters

by MSUKent

Movies 5m
These letters have gone astray. Help them!
Remove Ads.
Support Sporcle.
Get the best of Sporcle when you Go Orange. This ad-free experience offers more features, more stats, and more fun while also helping to support Sporcle. Thank you for becoming a member.

Show Comments

Extras

Top Quizzes Today


Score Distribution

Your Account Isn't Verified!

In order to create a playlist on Sporcle, you need to verify the email address you used during registration. Go to your Sporcle Settings to finish the process.

Report this User

Report this user for behavior that violates our Community Guidelines.

Details: